| 000 | 01819 a2200241 4500 | ||
|---|---|---|---|
| 001 | 27254 | ||
| 005 | 20260407155549.0 | ||
| 008 | 260407a1995 arg spa d | ||
| 003 | AR-UNSa-BCEJYS | ||
| 040 |
_aAR-UNSa-BCEJYS _bspa _cAR-UNSa-BCEJYS |
||
| 080 |
_a658.5 _xPlanificación y control de la producción |
||
| 245 | 1 | 0 | _aDirección y administración de la producción y de las operaciones |
| 020 | _a84-8086-177-0 | ||
| 250 | _a6a. ed | ||
| 264 | 1 |
_aBarcelona : _bIrwin _c1995 |
|
| 300 |
_axxviii, 1065 p. _c24 cm. |
||
| 505 | _aParte I: La naturaleza y el contexto de la dirección de operaciones: 1. Introducción y aspectos generales - 2. Productividad y competitividad - Parte II: Diseño de producto y selección de proceso: 3. Diseño de producto y selección de proceso: Manufactura - 4. Diseño de producto y selección de proceso: Servicios - 5. Diseño para la dirección de la calidad total - Parte III: Diseño de instalaciones y de tareas: 6. Sistemas de producción justo a tiempo - 7. Pronósticos - 8. Planificación de la capacidad y de la ubicación - 9. Distribución de instalaciones - 10. Diseño y medición de trabajos - Parte IV: Arranque del sistema: 11. Planificación y control del proyecto - Parte V: El sistema en estado estable: 12. Planificación agregada - 13. Sistemas de inventario para la demanda independiente - 14. Sistemas de inventario para la demanda dependiente.Planificación de necesidades de materiales - 15. Programación y control del taller de trabajo - Parte VI: Mejora del sistema: 17. Mejora continua - 18. Producción sincronizada - 19. Modificación de la estrategia de operaciones. | ||
| 942 | _cBK | ||
| 590 | _aniveau_biblio:m niveau_hierar:0 | ||
| 100 | 1 | _aChase, Richard B. | |
| 700 | 1 | _aAquilano, Nicholas J | |
| 700 | 1 | _aMorales Peake, Ernesto | |
| 999 |
_c1569 _d1569 |
||